000 00555nam a22001817a 4500
005 20251108163332.0
008 250721s1997 xx 000 0 ara d
082 1 4 _a214.2/عمر
100 1 _aعمر، أحمد مختار
245 1 0 _aأسماء الله الحسنى :
_bدراسة البنية و الدلالة /
264 1 _aالقاهرة :
_bعالم الكتب،
_c1997.
300 _a158ص
650 1 7 _aالعقيدة الدينية
650 1 7 _aالإسلام
650 1 7 _aالأسماء الحسنى
942 _2ddc
_cBK
999 _c119
_d119